000 00565nam a22002057a 4500
003 OSt
005 20160511183132.0
008 160511b xxu||||| |||| 00| 0 eng d
020 _a0521427924
040 _cDDC.
082 _a591.5MAN 1992.
100 _aAubrey ,Manning;Dawkins,Marian,Stamp;
_98730
245 _aAn introduction to animal behaviour.
250 _a4th ed.
260 _aUk.
_bCambridge University Press.
_c1992.
300 _ax,196p;
_bill;
_c25cm.
504 _aReferences,index are included.
650 _aBiology.
_95602
942 _2ddc
_cSLOAN
999 _c3996
_d3996